| 000 | 00648nam a22001457a 4500 | ||
|---|---|---|---|
| 020 | _a978-0-671-69133-2 | ||
| 082 |
_a823 _bDIX/H |
||
| 100 | _aDIXON, FRANKLIN W | ||
| 245 | _aTHE HARDY BOYS - GHOST STORIES | ||
| 260 |
_aNEW YORK _bALADDIN PAPERBACKS _c2002 |
||
| 300 | _a137 | ||
| 520 | _aOn a stromy night at sea, where the Hardys' only hope of rescue is an l8th-century whaling ship piloted by a ghostly, crew! In the dank, dark dungeon of a Scottish castle haunted by its first lord, a cruel and notorious pirate! WHEREVER DANGER LEADS... THE GHOST-HUNTING HARDY BOYS ARE SURE TO FOLLOW! | ||
| 650 |
_aMYSTERY STORY _zUNITED STATES |
||
| 942 | _cBK | ||
| 999 |
_c7807 _d7807 |
||